Statistics for Top 50 Point Guards Of All Time NBA

Click here to take the quiz!

General Stats

  • This quiz has been taken 39 times
  • The average score is 26 of 50

Answer Stats

Answer% Correct
Magic Johnson
100%
Stephen Curry
94%
Chris Paul
89%
Dennis Johnson
89%
John Stockton
89%
Kevin Johnson
89%
Jason Kidd
86%
Isaiah Thomas
81%
Isaiah Thomas
81%
Steve Nash
81%
Russell Westbrook
78%
Gary Payton
72%
Oscar Robertson
72%
Tony Parker
72%
Bob Cousy
67%
Kyrie Irving
67%
Luka Doncic
64%
Rajon Rondo
61%
Rajon Rondo
61%
Walt Frazier
61%
Damian Lillard
58%
Kyle Lowry
58%
Derrick Rose
53%
Penny Hardaway
53%
Tim Hardaway
53%
Trae Young
53%
John Wall
50%
Deron Williams
47%
Kemba Walker
47%
Chauncey Billups
42%
Jrue Holiday
42%
Mo Cheeks
42%
Ron Harper
42%
Mike Conley
39%
Baron Davis
36%
Mark Price
36%
Terry Porter
36%
Sam Cassell
33%
Ja Morant
31%
Jamal Murray
28%
Jason Terry
28%
Stephon Marbury
25%
Dave Bing
22%
Fat Lever
22%
Gilbert Arenas
19%
Mike Bibby
17%
Lenny Wilkins
14%
Steve Francis
14%
Monte Ellis
11%
Shai Gilgeous Alexander
11%

Score Distribution

Percentile by Number Answered

Percent of People with Each Score

Your Score History

You have not taken this quiz